000
00292nam a22001337a 4500
020
_a
0-590-89800-0
082
_a
823
_b
WOL/B
100
_a
WOLFF, VIRGINIA
245
_a
BAT A NOVEL 6
260
_a
NEW YORK
_b
SCHOLASTIC
_c
1999
300
_a
230
650
_a
NOVEL
_z
UNITED STATES
942
_c
BK
999
_c
4998
_d
4998